| 000 | 00523aam a2200193 4500 | ||
|---|---|---|---|
| 005 | 20160505170931.0 | ||
| 008 | 150724b xxu||||| |||| 00| 0 spa d | ||
| 041 | _aEspañol | ||
| 082 |
_a004.54 _bCh551r |
||
| 100 |
_aChorafas, Dimitris _99082 |
||
| 100 |
_aSteinmann, Heinrich _99083 |
||
| 245 | _aRealidad virtual: aplicaciones prácticas en los negocios y la industria | ||
| 260 | _aMéxico | ||
| 260 | _bPrentice-Hall | ||
| 260 | _c1996 | ||
| 300 | _a317 páginas | ||
| 650 |
_aREALIDAD VIRTUAL _99084 |
||
| 942 | _cBK | ||
| 999 |
_c359 _d359 |
||